Probing strategies for improving performance of PbS based quantum dot solar cells / (Record no. 75790)

MARC details
000 -LEADER
fixed length control field 00694nam a22002417a 4500
003 - CONTROL NUMBER IDENTIFIER
control field OSt
005 - DATE AND TIME OF LATEST TRANSACTION
control field 20220629120358.0
008 - FIXED-LENGTH DATA ELEMENTS--GENERAL INFORMATION
fixed length control field 220622b |||||||| |||| 00| 0 eng d
020 ## - INTERNATIONAL STANDARD BOOK NUMBER
Collection Number T257
040 ## - CATALOGING SOURCE
Transcribing agency STCPL
041 ## - LANGUAGE CODE
Language code of text/sound track or separate title English
082 ## - DEWEY DECIMAL CLASSIFICATION NUMBER
Classification number 530
Item number ANJ-P
100 ## - MAIN ENTRY--PERSONAL NAME
Personal name Anju Elsa Tom
110 ## - GUIDE
Theses guided by Guided by Ison V. Vanchipurackal
111 ## - REARCH CENTRE
University and Center Mahatma Gandhi University Kottayam, Department of Physics, St Thomas College Palai
245 ## - TITLE STATEMENT
Title Probing strategies for improving performance of PbS based quantum dot solar cells /
Statement of responsibility, etc. by Anju Elsa Tom
260 ## - PUBLICATION, DISTRIBUTION, ETC.
Place of publication, distribution, etc. Pala :
Date of publication, distribution, etc. January 2021
300 ## - PHYSICAL DESCRIPTION
Extent 114 p.
Other physical details Hard Back
650 ## - SUBJECT ADDED ENTRY--TOPICAL TERM
Topical term Physics
942 ## - ADDED ENTRY ELEMENTS (KOHA)
Koha item type Theses
942 ## - ADDED ENTRY ELEMENTS (KOHA)
Source of classification or shelving scheme Dewey Decimal Classification
942 ## - ADDED ENTRY ELEMENTS (KOHA)
Source of classification or shelving scheme Dewey Decimal Classification
Suppress in OPAC No
Holdings
Withdrawn status Lost status Source of classification or shelving scheme Damaged status Not for loan Collection code Home library Current library Shelving location Date acquired Total Checkouts Full call number Barcode Date last seen Price effective from Koha item type
    Dewey Decimal Classification     Physics ST. THOMAS COLLEGE LIBRARY, PALAI ST. THOMAS COLLEGE LIBRARY, PALAI Theses 2022-06-22   530 ANJ-P T257 2022-06-22 2022-06-22 Theses
Rights reserved ©2021 ST. THOMAS COLLEGE LIBRARY
A joint venture of - St. Thomas College Library and
Department of Computer Science, St. Thomas Collge Palai